000 00628nam a22002177a 4500
003 UA-OsUOA
001 39539
007 ta
008 20080505b un ||||| |||| 00| 0 ukr d
090 _a050
942 _cMG
040 _aUA-OsUOA
_bukr
_cUA-OsUOA
_dUA-OsUOA
245 _aКнижковий огляд
955 _a4
041 _aukr
080 _a050
260 _aКиїв
310 _a2003: 10; 2004: 7-8
650 7 _a050 Серійні публікації. Періодика галузі, Організація та інші типи поєднання (співробітництва)
_2UDC
999 _c438051
_d438051